| 000 | 00456nam a2200157Ia 4500 | ||
|---|---|---|---|
| 008 | 210716s2009 xx 000 0 und d | ||
| 020 | _a9788131501122 | ||
| 041 | _aeng | ||
| 082 | _a005.1331 FORB | ||
| 100 | _aForouzan, Behrouz A;Gilberg, Richard F. | ||
| 245 |
_aComputer science: a structured approach using c++. _bA structured approach using c++. |
||
| 250 | _a1 | ||
| 260 |
_aAustralia _bBrooks/cole _c2009 |
||
| 300 | _axxx,1022 | ||
| 650 | _aNone | ||
| 999 |
_c189976 _d189976 |
||